=LDR 00000nam 2200000 4500 =001 NUTBA000000000002597 =005 20210322074754 =035 ##$$a 0010-061400000000540 =008 210322################g##########0#ind## =082 ##$$a 297.124 =100 ##$$a Parthu Rendra =245 1#$$a Jalan hidup : $b Kumpulan intisari Al Qur'an dan hadits /$c Parthu Rendra =250 ##$$a Cet. I =260 ##$$a Surabaya :$b SIC,$c 2004 =300 ##$$a x, 154 hlm. : $b ilus. ; $c 14,5x20,5 cm. =020 ##$$a 978-979-9408-53-2 =084 ##$$a 297.124 PAR j =650 #4$$a Kumpulan hadis =990 ##$$a 21305404 =990 ##$$a 21305407 =990 ##$$a 21305405 =990 ##$$a 21305406 =990 ##$$a 21305408 =990 ##$$a 5202100132